| 000 | 02024cam a2200349 i 4500 | ||
|---|---|---|---|
| 001 | 18257262 | ||
| 003 | PILC | ||
| 005 | 20151105141246.0 | ||
| 008 | 140804s2015 enk b 001 0 eng | ||
| 010 | _a 2014030708 | ||
| 020 | _a9781849055673 (alk. paper) | ||
| 035 | _a(DNLM)101638535 | ||
| 040 |
_aDNLM/DLC _cDLC _erda _dDLC |
||
| 042 | _apcc | ||
| 050 | 0 | 0 |
_aRA 427.8 _b.B76 2015 |
| 060 | 1 | 0 | _aWM 30.1 |
| 082 | 0 | 0 | _a613 |
| 100 | 1 |
_aBrown, Jean S., _d1954- _eauthor. |
|
| 245 | 1 | 0 |
_aPromoting public mental health and well-being _bprinciples into practice / _cJean S. Brown, Alyson M. Learmonth, and Catherine J. Mackereth; foreword by John R. Ashton. |
| 260 |
_aLondon : _bJessica Kingsley Publishers, _c2015. |
||
| 300 |
_a304 pages ; _c23 cm. |
||
| 500 | _aIncludes bibliographical references and index. | ||
| 505 | 0 | _aMeasuring outcomes related to mental health and well-being : what do we want to achieve? -- What affects mental health and well-being? : the wider social, cultural, and physical environment -- What affects mental health and well-being? : individual social, cultural, and physical circumstances -- What affects mental health and well-being? : individual life stage and personal behaviours -- How can we develop mental health and well-being strategically? -- How can we develop mental health and well-being operationally? -- Extended case study : prevention of suicide and self-harm -- Extended case study : improving mental health and well-being among young black and minority ethnic groups -- Extended case study : improving mental health and well-being in people with long-term conditions. | |
| 650 | 1 | 2 | _aHealth Promotion. |
| 650 | 1 | 2 |
_aMental Health Services _xorganization & administration. |
| 650 | 2 | 2 | _aHealth Behavior. |
| 700 | 1 |
_aLearmonth, Alyson M., _eauthor. |
|
| 700 | 1 |
_aMackereth, Catherine J., _eauthor. |
|
| 906 |
_a7 _bcbc _corignew _d1 _eecip _f20 _gy-gencatlg |
||
| 942 |
_2lcc _cBK _kFOR |
||
| 999 |
_c288924 _d288924 |
||